| 000 | 00352nam a22001457a 4500 | ||
|---|---|---|---|
| 008 | 250422b ||||| |||| 00| 0 eng d | ||
| 020 | _a0716723875 | ||
| 041 | _aeng | ||
| 080 |
_21947 _a159 KOL |
||
| 082 |
_2159KOL _a159KOL |
||
| 100 | _a25 | ||
| 101 | _aPSIKOLOGJI | ||
| 245 |
_aFUNDAMENTALS OF HUMAN NEUROPSYCHOLOGY _cBRYAN KOLB |
||
| 942 |
_2udc _cBK |
||
| 999 |
_c60679 _d60679 |
||